00380 a2200157 4500003000500000005001700005010001300022040000900035082001500044100001900059245004500078260005300123300001700176600001900193650001000212Nust20230529122053.0 a42005685 cNust a808.83,GIB aGibbs, Philip, aThe long alert/ba novel by Philip Gibbs aLondon and MelbournebHutchinson & co. ltdc1941 a223 pb19 cm aGibbs, Philip, aNovel